Near grounding of the Liberian tank ship Patriot, Bay of Campeche, Mexico, October 15, 1995 /

Bibliographic Details
Corporate Author: United States. National Transportation Safety Board
Format: Government Document Book
Language:English
Published: Washington, D.C. : The Board ; 1997.
Series:Marine incident summary report ; NTSB/MAR-97/01/SUM.
Subjects:

MARC

Tag First Indicator Second Indicator Subfields
LEADER 00000cam a2200000 i 4500
001 in00004814913
008 970725s1997 dcuab bt f000 0 eng d
005 20240808153126.2
035 |a (OCoLC)ocm37355880  
040 |a MMM  |b eng  |e rda  |c MMM  |d OCL  |d OAE  |d OCLCQ  |d OCLCO  |d OCLCA  |d OCLCQ  |d OCLCO  |d OCLCF  |d QE2  |d OCLCO  |d OCLCQ  |d WSU  |d OCLCL 
019 |a 67567138 
027 |a NTSB/MAR-97/01/SUM 
035 |a (OCoLC)37355880  |z (OCoLC)67567138 
037 |a PB97-916402  |b National Technical Information Service, Springfield, Va. 22161 
043 |a n-mx---  |a nm----- 
050 4 |a VK377  |b .U6 no.97/01/SUM 
055 3 |a VK1270  |b .U6 no.NTSB/MAR-97/01/SUM 
086 0 |a TD 1.116/4:97/01/SUM 
049 |a MAIN 
110 1 |a United States.  |b National Transportation Safety Board. 
245 1 0 |a Near grounding of the Liberian tank ship Patriot, Bay of Campeche, Mexico, October 15, 1995 /  |c National Transportation Safety Board. 
246 1 4 |a Marine accident report : near grounding of the Liberian tank ship Patriot, Bay of Campeche, Mexico, October 15, 1995 
264 1 |a Washington, D.C. :  |b The Board ;  |c 1997. 
264 2 |a Springfield, Va. :  |b National Technical Information Service, distributor,  |c 1997. 
300 |a 30 pages :  |b illustrations, maps ;  |c 28 cm 
336 |a text  |b txt  |2 rdacontent 
337 |a unmediated  |b n  |2 rdamedia 
338 |a volume  |b nc  |2 rdacarrier 
490 1 |a Marine incident summary report ;  |v NTSB/MAR-97/01/SUM 
500 |a "Adopted: April 8, 1997." 
500 |a "Notation 6825." 
513 |a Marine accident report.  |b October 15, 1995. 
504 |a Includes bibliographical references. 
590 |b TAG Physical Holdings 2 
610 2 0 |a Patriot (Tanker) 
650 0 |a Marine accidents  |x Investigation  |z Mexico  |z Campeche, Bay of. 
650 0 |a Shipping  |x Management  |x Accidents  |x Investigation. 
650 0 |a Navigation  |x Accidents  |x Investigation. 
650 0 |a Merchant marine  |x Management  |x Accidents  |x Investigation. 
650 0 |a Tankers  |x Accidents  |x Investigation. 
650 6 |a Navigation  |x Accidents  |x Enquêtes  |z Mexique  |z Campeche, Golfe de. 
650 6 |a Navigation  |x Accidents  |x Enquêtes. 
650 7 |a Marine accidents  |x Investigation.  |2 fast  |0 (OCoLC)fst01009351 
650 7 |a Navigation  |x Accidents  |x Investigation.  |2 fast  |0 (OCoLC)fst01035088 
650 7 |a Tankers  |x Accidents  |x Investigation.  |2 fast  |0 (OCoLC)fst01142728 
651 7 |a Gulf of Mexico  |z Bay of Campeche.  |2 fast  |0 (OCoLC)fst01711952  |1 https://id.oclc.org/worldcat/entity/E39PBJxWPtvGxHqX4QhBYyg7pP 
830 0 |a Marine incident summary report ;  |v NTSB/MAR-97/01/SUM. 
994 |a 92  |b TAG 
852 |a TAG  |b TAGC  |c galv,stk  |h VK378.P29 U5  |t c.1  |x mam 
876 |c 25.00  |p 33620000789954  |x ACC# 97-0893  |v unmediated -- volume 
999 f f |s 84edeba0-b361-4c01-b10d-cdc3f1b1cacb  |i 48cc38a4-5d2b-4db2-9f18-7a1166a34291  |t 0 
952 f f |p normal  |a Texas A&M University  |b Galveston Campus  |c Jack K. Williams Library  |d Galveston Stacks  |t 0  |e VK378.P29 U5  |h Library of Congress classification  |i unmediated -- volume  |m 33620000789954 
998 f f |a VK378.P29 U5  |t 0  |l Galveston Stacks